01510nam a2200337 a 4500001001200000003000800012006001900020007001500039008004100054020001800095020001500113040002100128035002100149043001200170050002300182245026100205260005700466300002400523504004100547533015200588650005100740650005500791650003700846655002900883700003200912710003300944710003700977710001701014856012601031999001501157ebr10286200CaPaEBRm u cr cn|||||||||091002s2009 dcua sb 100 0 eng d z9780309127585 z0309127580 aCaPaEBRcCaPaEBR a(OCoLC)316065297 an-us---14aRC971b.S97 2009eb00aSystems engineering to improve traumatic brain injury care in the military health systemh[electronic resource] :bworkshop summary /cDavid Butler ... [et al.], editors ; National Academy of Engineering and Institute of Medicine of the National Academies. aWashington, D.C. :bNational Academies Press,c2009. axix, 174 p. :bill. aIncludes bibliographical references. aElectronic reproduction.bPalo Alto, Calif. :cebrary,d2013.nAvailable via World Wide Web.nAccess may be limited to ebrary affiliated libraries. 0aMedicine, MilitaryzUnited StatesvCongresses. 0aBrainxWounds and injuriesxTreatmentvCongresses. 0aSystems engineeringvCongresses. 7aElectronic books.2local1 aButler, Davidq(David Alan)2 aInstitute of Medicine (U.S.)2 aNational Academy of Engineering.2 aebrary, Inc.40uhttp://site.ebrary.com/lib/rucke/Doc?id=10286200zAn electronic book accessible through the World Wide Web; click to view c2089d2089